Modern VLSI design : (Record no. 14425)
[ view plain ]
| 000 -LEADER | |
|---|---|
| fixed length control field | 00961cam a2200289 a 4500 |
| 001 - CONTROL NUMBER | |
| control field | 14425 |
| 003 - CONTROL NUMBER IDENTIFIER | |
| rucl marc code | BD-RjUL |
| 005 - DATE AND TIME OF LATEST TRANSACTION | |
| control field | 20211208235627.0 |
| 008 - FIXED-LENGTH DATA ELEMENTS--GENERAL INFORMATION | |
| fixed length control field | 140206r20062002I a b 001 0 eng |
| 020 ## - INTERNATIONAL STANDARD BOOK NUMBER | |
| International Standard Book Number | 9788120327597 |
| International Standard Book Number | 8120327594 |
| 035 ## - SYSTEM CONTROL NUMBER | |
| System control number | (BD-RjUL)14477 |
| 040 ## - CATALOGING SOURCE | |
| Original cataloging agency | DLC |
| Transcribing agency | DLC |
| Modifying agency | DLC |
| -- | BD-RjUL |
| Language of cataloging | eng |
| 041 ## - LANGUAGE CODE | |
| Language code of text/sound track or separate title | eng |
| 082 04 - DEWEY DECIMAL CLASSIFICATION NUMBER | |
| Edition number | 22 |
| Classification number | 621.395 |
| Author mark and year | WOM 2006 |
| 100 1# - MAIN ENTRY--PERSONAL NAME | |
| Personal name | Wolf, Marilyn, |
| Dates associated with a name | 1958- |
| 9 (RLIN) | 44992 |
| 245 10 - TITLE STATEMENT | |
| Title | Modern VLSI design : |
| Remainder of title | system-on-chip design / |
| Statement of responsibility, etc. | Wayne Wolf. |
| 250 ## - EDITION STATEMENT | |
| Edition statement | 3rd ed. |
| 260 ## - PUBLICATION, DISTRIBUTION, ETC. (IMPRINT) | |
| Place of publication, distribution, etc. | New Delhi : |
| Name of publisher, distributor, etc. | Prentice Hall, |
| Date of publication, distribution, etc. | c2002 [Reprinted 2006]. |
| 300 ## - PHYSICAL DESCRIPTION | |
| Pagination | xx, 618 p. : |
| Illustrations | ill. ; |
| Size | 24 cm. |
| 504 ## - BIBLIOGRAPHY, ETC. NOTE | |
| Bibliography, etc | Includes bibliographical references and index. |
| 650 #0 - SUBJECT ADDED ENTRY--TOPICAL TERM | |
| Topical term or geographic name as entry element | Digital integrated circuits |
| General subdivision | Computer-aided design. |
| 9 (RLIN) | 44993 |
| Topical term or geographic name as entry element | Logic circuits |
| General subdivision | Computer-aided design. |
| 9 (RLIN) | 44994 |
| Topical term or geographic name as entry element | Low voltage integrated circuits |
| General subdivision | Computer-aided design. |
| 9 (RLIN) | 44995 |
| 942 ## - ADDED ENTRY ELEMENTS (KOHA) | |
| Source of classification or shelving scheme | Dewey Decimal Classification |
| Koha item type | Books |
| Lost status | Source of classification or shelving scheme | Damaged status | Not for loan | Collection code | Permanent Location | Current Location | Shelving location | Date acquired | Source of acquisition | Cost, normal purchase price | Total Checkouts | Full call number | Date last seen | Date checked out | Copy number | Koha item type | Total Renewals |
|---|---|---|---|---|---|---|---|---|---|---|---|---|---|---|---|---|---|
| Dewey Decimal Classification | Non-fiction | Central Library, University of Rajshahi | Central Library, University of Rajshahi | 09/02/2011 | Dhaka, Paragon Enterprises Ltd. | 375.00 | 3 | 621.395 WOM 2006 | 19/11/2023 | 01/11/2023 | C-4 | Books | |||||
| Dewey Decimal Classification | Non-fiction | Central Library, University of Rajshahi | Central Library, University of Rajshahi | 09/02/2011 | Dhaka,Paragon Enterprise Lit., | 375.00 | 5 | 621.395 WOM 2002 | 20/11/2023 | 05/11/2023 | C-2 | Books | 2 | ||||
| Dewey Decimal Classification | Not For Loan | Non-fiction | Central Library, University of Rajshahi | Central Library, University of Rajshahi | Reading Room | 22/09/2010 | Dhaka, paragon Enterprises Ltd. | 375.00 | 621.395 WOM 2002 | 16/03/2017 | c-1 | Books | |||||
| Dewey Decimal Classification | Non-fiction | Central Library, University of Rajshahi | Central Library, University of Rajshahi | 22/09/2010 | Dhaka, paragon Enterprises Ltd. | 375.00 | 3 | 621.395 WOM 2002 | 21/12/2023 | 04/12/2023 | C-3 | Books | |||||
| Dewey Decimal Classification | Non-fiction | Central Library, University of Rajshahi | Central Library, University of Rajshahi | 22/09/2010 | Dhaka, paragon Enterprises Ltd. | 375.00 | 7 | 621.395 WOM 2002 | 06/02/2020 | 19/01/2020 | C-5 | Books | 4 | ||||
| Dewey Decimal Classification | Non-fiction | Central Library, University of Rajshahi | Central Library, University of Rajshahi | 22/09/2010 | Dhaka, paragon Enterprises Ltd. | 375.00 | 5 | 621.395 WOM 2002 | 15/12/2021 | 15/12/2021 | C-6 | Books |